LEADER 03536nam 22006014a 450 001 9910784005303321 005 20230120004405.0 010 $a1-281-03554-8 010 $a9786611035549 010 $a1-4175-2669-6 010 $a0-08-054234-4 035 $a(CKB)1000000000335768 035 $a(EBL)313778 035 $a(OCoLC)437189526 035 $a(SSID)ssj0000257150 035 $a(PQKBManifestationID)11240282 035 $a(PQKBTitleCode)TC0000257150 035 $a(PQKBWorkID)10228705 035 $a(PQKB)10862673 035 $a(MiAaPQ)EBC313778 035 $a(Au-PeEL)EBL313778 035 $a(CaPaEBR)ebr10190918 035 $a(CaONFJC)MIL103554 035 $a(EXLCZ)991000000000335768 100 $a20030327d2003 uy 0 101 0 $aeng 135 $aur|n|---||||| 181 $ctxt 182 $cc 183 $acr 200 10$aTensegrity$b[electronic resource] $estructural systems for the future /$fRene? Motro 210 $aLondon ;$aSterling, VA $cKogan Page Science$d2003 215 $a1 online resource (257 p.) 300 $aDescription based upon print version of record. 311 $a1-903996-37-6 320 $aIncludes bibliographical references (p. [228]-236) and index. 327 $aFront Cover; Tensegrity: Structural Systems for the Future; Copyright Page; Contents; Notations; Preface I; Preface II; Acknowledgements; Chapter 1. Introduction; Chapter 2. History and Definitions; 2-1. History; 2-2. Definitions; 2-3. Conclusion; Chapter 3. Fundamental Concepts; 3-1. Introduction; 3-2. Relational structure; 3-3. Geometry and stability; 3-4. Self-stress states and mechanisms; 3-5. Conclusion; Chapter 4. Typologies; 4-1. Introduction; 4-2. Typology criteria and codification; 4-3. Elementary or ""spherical"" cells; 4-4. Assemblies of cells; 4-5. Conclusion; Chapter 5. Models 327 $a5-1. Introduction5-2. Problems to solve; 5-3. Form-finding; 5-4. Self-stress and mechanisms; 5.5 Self-stress qualification; 5-6. Designing tensegrity systems; 5-7. Active control; 5-8. Conclusion; Chapter 6. Foldable Tensegrities; 6-1. Introduction; 6-2. Folding principle; 6-3. Foldable modules; 6-4. Foldable assemblies; 6-5. Folding design; 6-6. Simulation of the folding process; 6-7. Modelling the contact of two struts; 6-8. Conclusion; Chapter 7. Tensegrity: Latest and Future Developments; 7-1. Introduction; 7-2. New tensegrity grids; 7-3. Other projects 327 $a7-4. Tensegrity as a structural principle7-5. Conclusion; Appendices; Bibliography; Index 330 $aThe word tensegrity results from the contraction of 'tensional' and 'integrity', a word created by Richard Buckminster Fuller. He went on to describe tensegrity structures as 'islands of compression in an ocean of tension', and Rene? Motro has developed a comprehensive definition which is 'systems in a stable self equilibriated system comprising a discontinuous set of compressed components inside a continuum of tensioned components'. This publication represents the life work of a leading exponent of a revolutionary and exciting method of structural design.* Represents the life w 606 $aGeodesic domes 606 $aStructural analysis (Engineering) 615 0$aGeodesic domes. 615 0$aStructural analysis (Engineering) 676 $a624.1 700 $aMotro$b Rene?$f1946-$0596330 801 0$bMiAaPQ 801 1$bMiAaPQ 801 2$bMiAaPQ 906 $aBOOK 912 $a9910784005303321 996 $aTensegrity$9990831 997 $aUNINA